000 00904nam2a2200253 4500
001 RU\NLR\bibl\1002314
005 20250614224852.0
010 _a5-85677-111-7
_91000
021 _aRU
_b2006-56171
_92783
035 _a(NLR Aleph) 000990017
090 _a512926
_c512926
100 _a20061030d2006 |||y0rusy50 ca
101 0 _arus
102 _aRU
105 _aa |||||||||
200 0 _aЧ. 2
210 _d2006
_aБ. м.
215 _a143 с.
_cил.
461 0 _1001RU\NLR\bibl\1006950
_12001#$aИстория Отечества VII-XV вв.$vЧ. 2
_9540265
_aЧерникова, Т. В. (д-р ист. наук ; 1961-)
_cМосква
_d2006
_fТ.В. Черникова
_nИНОС
_oучебное пособие : 6 класс
_tИстория Отечества VII-XV вв.
_vЧ. 2
801 0 _aRU
_bNLR
_c20061030
_grcr
801 1 _aRU
_bNLR
_c20061030
942 _cBOOK
980 _aNB